000 00496nam a2200157Ia 4500
003 GCL
008 140319s9999 xx 000 0 ara d
020 _a7005107977
040 _aGCL /
_cGCL
082 0 4 _a320.962
_bح م
100 1 _aحسن ابو باشا
245 1 0 _aمذكرات حسن أبو باشا فى الأمن والسياسة /
_cحسن ابو باشا
260 _aالقاهرة :
_bدار الهلال للطباعة والنشر
300 _a278 ص ؛
_c24سم
490 _a
999 _c32190
_d32190